000 00748nam a22002057a 4500
003 UA-OsUOA
001 39932
007 ta
008 20080521b un ||||| |||| 00| 0 ukr d
090 _a050
_bБ98
942 _cMG
040 _aUA-OsUOA
_bukr
_cUA-OsUOA
_dUA-OsUOA
245 _aБюлетень Союзу Бувших Українських Вояків у Канаді
_b1959: 2; 1960: 3, 4, 5; 1961: 6-7, 8, 9; 1962: 10-13; 1963: 14-17; 1964: 18, 19
955 _a4
041 _aukr
080 _a050
260 _aТоронто
650 7 _a050 Серійні публікації. Періодика галузі, Організація та інші типи поєднання (співробітництва)
_2UDC
999 _c438441
_d438441